000 01457naa a22002411ab4500
003 SA-RiAUC
005 20241009133248.0
008 241008s2001 le g f000f0 ara c
040 _aSA-EnSBSSC
_bara
_cSA-RiAUC
082 0 4 _a415.1
090 _a415.1 ا
_b ا خ ف
100 1 _aالأخفش الصنعاني، صلاح بن حسين بن يحيى،
_dتوفي 1242 هجري.
245 1 2 _aالعقد الوسيم في أحكام الجار والمجرور والظرف ؛
_bنزهة الطرف في الجار والمجرور والظرف /
_cصلاح الدين بن الحسين الأخفش ؛ تحقيق ودراسة رياض حسن الخوام.
250 _aالطبعة الاول
260 _aبيروت :
_bالمكتبة العصرية،
_c2001
300 _a126 صفحة ؛.
_c24 سم
650 7 _aاللغة العربية
_xنحو
_xمخطوطات
_vمراجعات
_vمقالات ومحاضرات
_2aucsh
700 1 _aالخوام، رياض بن حسن،
_d1954-
_eمحقق.
740 0 2 _aنزهة الطرف في الجار والمجرور والظرف.
773 0 _aجامعة الإمام محمد بن سعود الإسلامية (الرياض) مؤلف.
_tمجلة جامعة الإمام محمد بن سعود الإسلامية : مجلة علمية محكمة.
_wAUC_OC_50552
_gمج. 5، ع. 5 (محرم 1412 = يوليو 1991)، ص. 126
_x13190954
942 _2ddc
_cBOOK
_n0
949 _aSA-JeALM
_d241008
_umohamedma123
_n1
999 _c1076
_d1076